000 01128na a2200325 4500
001 20766
003 MIRAKIL
005 20181213155008.0
008 170126b tu 000 0
035 _a20766
040 _aMilas
_btur
_cTR-AnCHP
041 _atur
082 _aCHP 328.561
_bC36t 2007
090 _aCHP 328.561 C36t 2007
110 _aCumhuriyet Halk Partisi (CHP)
_bTBMM Grup Başkanlığı
222 _aTBMM grubu albümü
245 _aTürkiye Büyük Millet Meclisi CHP Grubu 23. dönem milletvekilleri albümü
_cCHP
246 _aCHP 23. dönem milletvekilleri albümü
260 _aAnkara
_bCHP
_c2007
300 _a79 s.
_brnkl. fotg.
_c20 sm.
440 _aCumhuriyet Halk Partisi yayınları
_pAlbümler
500 _aDış kapakta yapıt adı : Cumhuriyet Halk Partisi 23. dönem milletvekilleri albümü
610 _aCumhuriyet Halk Partisi (CHP)
_xMilletvekilleri
_yAlbümler
610 _aCHP
_xTBMM
_yAlbümler
657 _a2007 CHP milletvekili albümü
657 _a2007 CHP parti meclisi albümü
830 _aCHP albümleri
942 _2ddc
_cBKS
999 _c4502
_d4502